LEADER 01506nam a2200361 u 4500 001 000000059718 003 CaOOAMICUS 005 20151019181126.0 008 010704s2001 it u000 u ita u 020 $a8831103326 032 $aLibriCat 035 $a10895584 040 $aEFR$bita$dPUL(R) 041 1 $aita$aspa 100 1 $aGuglielmi, Nilda.$0(OLS)http://pul/name/41108 240 10$aMarginalidad en la Edad Media.$lItalian.$0(OLS)http://pul/title/79940 245 13$aIl Medioevo degli ultimi :$bemarginazione e marginalità nei secoli XI-XIV /$cNilda Guglielmi. 260 $aRoma :$bCittà Nuova,$cc2001. 300 $a281 p. ;$c20 cm 490 1 $aI volti della storia ;$v8 500 $aIndex: p. [271]-277. 504 $aBibliographie en note. 650 0$aMarginality, Social.$2//eng$0(OLS)http://pul/subject/23191 650 0$aSocial history$yMedieval, 500-1500.$2//eng$0(OLS)http://pul/subject/5956 830 2$aI volti della storia (Città Nuova ) ;$v8.$0(OLS)http://pul/title/119641 850 $aPUL 852 $aPUL$W1$xSL Filosofia 1$y2$m107 E 63.8$j77857$nBK-PRI$b $qStampati$B77857$CPULBib$Z2$F77857 $H $81 941 1 $a8 961 $aINV: 84122 996 $6020$a8831103326$9(OLS)http://pul/number/76346 996 $6245$aIl Medioevo degli ultimi :$bemarginazione e marginalità nei secoli XI-XIV$9(OLS)http://pul/title/79941 996 $6260$aRoma :$bCittà Nuova$9(OLS)http://pul/publisher/47927 LEADER 01108nam a2200277 u 4500 001 000000171339 003 CaOOAMICUS 005 20190118124854.0 008 190118t2018 it u000 u ita r 020 $a978-88-921-1726-6* 032 $aLibriCat 040 $aPUL$bita$dReb 100 1 $aLuminoso, Angelo.$0(OLS)http://pul/name/30090 245 13$aLa compravendita :$bcorso di diritto civile /$cAngelo Luminoso. 250 $a9. ed. 260 $aTorino :$bG. Giappichelli,$c©2018. 300 $aXV, 511 p. ;$c24 cm 504 $aInclude riferimenti bibliografici ed indice. 650 4$aCompravendita (diritto).$0(OLS)http://pul/subject/5705 850 $aPUL 852 $aPUL$W1$xSL Diritto e Scienze Sociali 3$y79$m346. 4507 LUMAN 2$j195028$qDDC 21$B199929$CPULBib$Z2$F199929 $H132080 $82 941 1 $a9 996 $6020$a978-88-921-1726-6*$9(OLS)http://pul/number/165605 996 $6245$aLa compravendita :$bcorso di diritto civile$9(OLS)http://pul/title/150996 996 $6260$aTorino :$bG. Giappichelli$9(OLS)http://pul/publisher/49130